[Event "HUN-chT2 Charousek 0910"]
[Site "Hungary"]
[Date "2009.12.20"]
[Round "4"]
[White "Zsirai, Peter"]
[Black "Szakony, Laszlo"]
[Result "1-0"]
[WhiteElo "1926"]
[BlackElo "2196"]
[PlyCount "69"]
[EventDate "2009.11.08"]
[EventType "team-tourn"]
[EventRounds "11"]
[EventCountry "HUN"]
[SourceTitle "EXT 2011"]
[Source "ChessBase"]
[SourceDate "2010.11.26"]
[SourceVersion "1"]
[SourceVersionDate "2010.11.26"]
[SourceQuality "1"]
[WhiteTeam "Aquaprofit II"]
[BlackTeam "Csuti II"]
[WhiteTeamCountry "HUN"]
[BlackTeamCountry "HUN"]

1. e4 Nc6 2. d4 d5 3. e5 Bf5 4. Nf3 f6 5. Bb5 Qd7 6. Nc3 a6 7. Ba4 e6 8. Bf4 Nge7 9. 0-0 b5 10. Bb3 Bg4 11. exf6 gxf6 12. Be3 Rg8 13. Kh1 Nf5 14. Re1 0-0-0 15. Qd3 Bd6 16. a4 Nb4 17. Qe2 Nh4 18. Rg1 e5 19. dxe5 fxe5 20. axb5 e4 21. bxa6 exf3 22. a7 Qc6 23. a8Q+ Kd7 24. Qxc6+ Nxc6 25. gxf3 Bxf3+ 26. Qxf3 Nxf3 27. Rxg8 Rxg8 28. Bxd5 Rf8 29. Bxf3 Rxf3 30. Kg2 Rf5 31. Rd1 Rh5 32. Bf4 Ke6 33. Bxd6 cxd6 34. Re1+ Kd7 35. Rd1 1-0

[Event "HUN-chT2 Charousek 0708"]
[Site "Hungary"]
[Date "2008.03.16"]
[Round "8"]
[White "Kadar, Gabor"]
[Black "Szakony, Laszlo"]
[Result "1-0"]
[WhiteElo "2222"]
[BlackElo "2210"]
[PlyCount "69"]
[EventDate "2007.10.14"]
[EventType "team"]
[EventRounds "11"]
[EventCountry "HUN"]
[SourceTitle "EXT 2009"]
[Source "ChessBase"]
[SourceDate "2008.11.26"]
[SourceVersion "1"]
[SourceVersionDate "2008.11.26"]
[SourceQuality "1"]
[WhiteTeam "Pannonpower"]
[BlackTeam "Csuti II"]
[WhiteTeamCountry "HUN"]
[BlackTeamCountry "HUN"]

1. e4 Nc6 2. d4 d5 3. e5 f6 4. f4 Bf5 5. Nf3 Qd7 6. c3 e6 7. Nh4 Be4 8. Nd2 f5 9. Nxe4 fxe4 10. g3 g6 11. Bh3 Nh6 12. Ng2 0-0-0 13. b4 Nf5 14. g4 Bxb4 15. gxf5 Bxc3+ 16. Bd2 Bxd2+ 17. Qxd2 gxf5 18. Rb1 Qe7 19. 0-0 Qa3 20. Rb3 Qa4 21. Rd1 Rhg8 22. Kh1 Rg7 23. Rg3 Rdg8 24. Rxg7 Rxg7 25. Ne3 Nb4 26. Bf1 Qa3 27. Rb1 a5 28. Rb3 Qa4 29. Qb2 c5 30. Ra3 Nd3 31. Bxd3 Qxd4 32. Qxd4 cxd4 33. Nc2 Rc7 34. Nxd4 exd3 35. Rxd3 1-0

[Event "HUN-chT2 Charousek 0708"]
[Site "Hungary"]
[Date "2007.12.16"]
[Round "5"]
[White "Szakony, Laszlo"]
[Black "Juhasz, Kristof"]
[Result "1-0"]
[WhiteElo "2210"]
[BlackElo "2032"]
[PlyCount "49"]
[EventDate "2007.10.14"]
[EventType "team"]
[EventRounds "11"]
[EventCountry "HUN"]
[SourceTitle "EXT 2009"]
[Source "ChessBase"]
[SourceDate "2008.11.26"]
[SourceVersion "1"]
[SourceVersionDate "2008.11.26"]
[SourceQuality "1"]
[WhiteTeam "Csuti II"]
[BlackTeam "Husi"]
[WhiteTeamCountry "HUN"]
[BlackTeamCountry "HUN"]

1. b3 b6 2. Bb2 Bb7 3. e3 e6 4. Nf3 Nf6 5. Be2 Be7 6. 0-0 0-0 7. c4 c5 8. d4 cxd4 9. Nxd4 a6 10. Bf3 Nc6 11. Nc3 Qc7 12. Re1 Rfd8 13. Rc1 Rac8 14. Nd5 exd5 15. cxd5 Bb4 16. dxc6 dxc6 17. Rf1 Bf8 18. Qe2 c5 19. Nf5 Bxf3 20. Qxf3 Ne8 21. Rc4 Qc6 22. Qh3 Rd2 23. Rh4 h6 24. Bxg7 Bxg7 25. Ne7+ 1-0

[Event "HUN-chT2 Charousek 0708"]
[Site "Hungary"]
[Date "2007.11.25"]
[Round "3"]
[White "Szakony, Laszlo"]
[Black "Horkai, Andras"]
[Result "1-0"]
[WhiteElo "2210"]
[BlackElo "2096"]
[PlyCount "127"]
[EventDate "2007.10.14"]
[EventType "team"]
[EventRounds "11"]
[EventCountry "HUN"]
[SourceTitle "EXT 2009"]
[Source "ChessBase"]
[SourceDate "2008.11.26"]
[SourceVersion "1"]
[SourceVersionDate "2008.11.26"]
[SourceQuality "1"]
[WhiteTeam "Csuti II"]
[BlackTeam "Vizugy"]
[WhiteTeamCountry "HUN"]
[BlackTeamCountry "HUN"]

1. b3 Nf6 2. Bb2 d5 3. e3 g6 4. c4 c6 5. Nf3 Bg7 6. Be2 0-0 7. 0-0 dxc4 8. bxc4 a5 9. Qc2 Na6 10. a3 Bf5 11. d3 Nc5 12. Rd1 Qb6 13. Nc3 Rfd8 14. Rab1 Qc7 15. Na4 Nxa4 16. Be5 Qc8 17. Qxa4 Nd7 18. Bxg7 Kxg7 19. e4 Bg4 20. Qc2 f6 21. d4 Be6 22. Qb2 Rb8 23. d5 Bg8 24. Nd4 Nc5 25. f3 cxd5 26. cxd5 Na4 27. Qb3 Nc3 28. Rdc1 Nxe2+ 29. Nxe2 Qd7 30. Qb6 Qa4 31. Qc5 Re8 32. Rc4 b6 33. Rxb6 Qd1+ 34. Kf2 Rxb6 35. Qxb6 a4 36. Qb5 Bf7 37. Rxa4 Qh1 38. h3 h5 39. Ra7 Qh2 40. f4 Kf8 41. d6 Be6 42. Qd3 g5 43. Rxe7 Rxe7 44. dxe7+ Kxe7 45. Qg3 Qxg3+ 46. Nxg3 h4 47. Ne2 g4 48. hxg4 Bxg4 49. Ng1 Kd6 50. Nf3 h3 51. Nh2 Bd7 52. g4 Kc5 53. Ke3 Kc4 54. e5 f5 55. g5 Be8 56. Nf3 Kd5 57. Kf2 Ke4 58. Kg3 Bh5 59. Nh2 Be8 60. Nf1 Bb5 61. Nd2+ Ke3 62. Nf3 Bc6 63. g6 Bxf3 64. e6 1-0

[Event "HUN-chT2 Charousek 0405"]
[Site "Hungary"]
[Date "2005.04.10"]
[Round "10"]
[White "Boguszlavszkij, Jevgenyij"]
[Black "Szakony, Laszlo"]
[Result "0-1"]
[WhiteElo "2279"]
[BlackElo "2229"]
[PlyCount "80"]
[EventDate "2004.09.26"]
[EventType "team"]
[EventRounds "11"]
[EventCountry "HUN"]
[SourceTitle "EXT 2008"]
[Source "ChessBase"]
[SourceDate "2007.11.25"]
[SourceVersion "1"]
[SourceVersionDate "2007.11.25"]
[SourceQuality "1"]
[WhiteTeam "Taban Spartacus"]
[BlackTeam "Csuti II"]
[WhiteTeamCountry "HUN"]
[BlackTeamCountry "HUN"]

1. d4 Nc6 2. d5 Ne5 3. Nc3 e6 4. Nf3 Nxf3+ 5. gxf3 c6 6. d6 Qa5 7. e4 Qe5 8. f4 Qxd6 9. Qf3 Qc7 10. Rg1 d5 11. Be3 Nf6 12. e5 Nd7 13. 0-0-0 g6 14. h4 b5 15. h5 b4 16. Ne2 Bb7 17. Qh3 Rg8 18. Nd4 0-0-0 19. f5 exf5 20. e6 Nc5 21. exf7 Qxf7 22. Nf3 d4 23. Rxd4 Rxd4 24. Nxd4 Bg7 25. h6 Be5 26. Nf3 Nd7 27. Kb1 Re8 28. Bg2 Bf6 29. Rd1 c5 30. Ng5 Bxg5 31. Bxb7+ Kxb7 32. Bxg5 Nb6 33. Qd3 Qe6 34. Be3 Rc8 35. Qb5 a6 36. Qf1 Qe5 37. Qg2+ Ka7 38. Rd5 Qe7 39. Rd1 Qe6 40. b3 Qe5 0-1

[Event "Zalakaros op 23rd"]
[Site "Zalakaros"]
[Date "2004.05.16"]
[Round "3"]
[White "Toplak, Istvan"]
[Black "Szakony, Laszlo"]
[Result "0-1"]
[WhiteElo "2048"]
[BlackElo "2231"]
[PlyCount "60"]
[EventDate "2004.05.14"]
[EventType "swiss"]
[EventRounds "9"]
[EventCountry "HUN"]
[SourceTitle "EXT 2008"]
[Source "ChessBase"]
[SourceDate "2007.11.25"]
[SourceVersion "1"]
[SourceVersionDate "2007.11.25"]
[SourceQuality "1"]

1. c4 Nc6 2. Nc3 Nf6 3. g3 e5 4. Bg2 Bc5 5. e3 0-0 6. Nge2 Re8 7. 0-0 a6 8. d4 Bf8 9. d5 Na5 10. b3 c5 11. Bd2 b5 12. cxb5 axb5 13. Qc2 Ba6 14. Rfe1 b4 15. Na4 c4 16. e4 Bb5 17. bxc4 Nxc4 18. Nb2 Na3 19. Qb3 Qa5 20. Rac1 Qa6 21. Qf3 Bxe2 22. Qxe2 Qxe2 23. Rxe2 Nb5 24. Bg5 Nc3 25. Ree1 Rxa2 26. Rc2 Na4 27. Rb1 b3 28. Rd2 Bb4 29. Nxa4 Bxd2 30. Bxf6 Rxa4 0-1

[Event "HUN-chT2 Charousek 0304"]
[Site "Hungary"]
[Date "2004.03.21"]
[Round "9"]
[White "Fodor, Istvan"]
[Black "Szakony, Laszlo"]
[Result "1/2-1/2"]
[WhiteElo "2092"]
[BlackElo "2231"]
[PlyCount "193"]
[EventDate "2003.09.28"]
[EventType "team"]
[EventRounds "11"]
[EventCountry "HUN"]
[SourceTitle "EXT 2005"]
[Source "ChessBase"]
[SourceDate "2004.11.15"]
[SourceVersion "1"]
[SourceVersionDate "2004.11.15"]
[SourceQuality "1"]

1. d4 Nc6 2. d5 Ne5 3. e4 e6 4. Nc3 Bc5 5. dxe6 dxe6 6. Qxd8+ Kxd8 7. Bf4 Nd7 8. Nf3 f6 9. Bg3 e5 10. 0-0-0 a6 11. Bc4 Bd6 12. Ne1 Ne7 13. Nd5 b5 14. Nxe7 Kxe7 15. Bd5 Rb8 16. Nd3 Nc5 17. f3 Bb7 18. Bxb7 Nxd3+ 19. Rxd3 Rxb7 20. Bf2 b4 21. Rhd1 Rhb8 22. Rd5 Rb5 23. R1d2 Rxd5 24. Rxd5 Rb5 25. Rxb5 axb5 26. Kd2 Ke6 27. c3 f5 28. Kd3 g6 29. c4 c6 30. cxb5 cxb5 31. Kc2 Kd7 32. Kb3 Kc6 33. Be1 Bc5 34. Bxb4 Bg1 35. h3 Bb6 36. Kc2 Bc7 37. Kd3 f4 38. b3 Bb8 39. Be1 Kc5 40. a3 Kc6 41. g3 g5 42. g4 Bd6 43. a4 Kb6 44. Bf2+ Ka5 45. Be1+ Kb6 46. Bc3 Ka6 47. Kc2 Kb6 48. Kb2 Ka6 49. Ka2 Kb6 50. Bb2 Ka5 51. Ba3 Bc7 52. Be7 bxa4 53. bxa4 Kxa4 54. Kb2 Kb5 55. Kc3 Kc6 56. Bxg5 Kd6 57. Kc4 Ba5 58. Bh4 Bd2 59. Bf2 Ba5 60. Kb5 Bd8 61. Bc5+ Ke6 62. Bf2 Be7 63. Kc4 Bd8 64. Kd3 Ba5 65. Ke2 Kf6 66. Kf1 Kg6 67. Kg2 Bd8 68. h4 Be7 69. Kh3 h5 70. Kg2 Bb4 71. Kf1 Bc3 72. Ke2 Bb2 73. Kd2 Ba3 74. Kd3 Bb2 75. Kc4 Bc1 76. gxh5+ Kxh5 77. Kd5 Be3 78. Be1 Bd4 79. Ke6 Bb2 80. Kf5 Bd4 81. Bd2 Kxh4 82. Bxf4 exf4 83. Kxf4 Kh5 84. Kf5 Kh6 85. f4 Be3 86. e5 Kg7 87. Ke4 Bc1 88. f5 Bg5 89. Kd5 Kf7 90. Kd6 Bf4 91. Kd5 Bg5 92. e6+ Ke7 93. Ke5 Bf6+ 94. Kf4 Bc3 95. Kg5 Bf6+ 96. Kg6 Bc3 97. Kg5 1/2-1/2

[Event "HUN-chT2 Charousek 0304"]
[Site "Hungary"]
[Date "2004.02.08"]
[Round "7"]
[White "Szakony, Laszlo"]
[Black "Keschitz, Gyorgy"]
[Result "1/2-1/2"]
[WhiteElo "2231"]
[BlackElo "2194"]
[PlyCount "27"]
[EventDate "2003.09.28"]
[EventType "team"]
[EventRounds "11"]
[EventCountry "HUN"]
[SourceTitle "EXT 2005"]
[Source "ChessBase"]
[SourceDate "2004.11.15"]
[SourceVersion "1"]
[SourceVersionDate "2004.11.15"]
[SourceQuality "1"]

1. b3 d6 2. Bb2 e5 3. e3 Nc6 4. Nf3 g6 5. d4 f6 6. c4 Bg7 7. Nc3 Nh6 8. Be2 0-0 9. 0-0 Nf7 10. c5 dxc5 11. dxc5 Be6 12. Qxd8 Rfxd8 13. Rfd1 Bf8 14. Na4 1/2-1/2

[Event "HUN-chT2 Charousek 0304"]
[Site "Hungary"]
[Date "2004.01.25"]
[Round "6"]
[White "Szakony, Laszlo"]
[Black "Nagy, Zoltan"]
[Result "1-0"]
[WhiteElo "2231"]
[BlackElo "2265"]
[PlyCount "111"]
[EventDate "2003.09.28"]
[EventType "team"]
[EventRounds "11"]
[EventCountry "HUN"]
[SourceTitle "EXT 2005"]
[Source "ChessBase"]
[SourceDate "2004.11.15"]
[SourceVersion "1"]
[SourceVersionDate "2004.11.15"]
[SourceQuality "1"]

1. b3 d5 2. Bb2 Nf6 3. e3 e6 4. Nf3 c5 5. Be2 Bd6 6. 0-0 Qc7 7. d4 Nbd7 8. c4 dxc4 9. dxc5 Bxc5 10. Bxc4 a6 11. a4 b6 12. Nbd2 Bb7 13. Rc1 a5 14. Qe2 Ke7 15. Rfd1 Rad8 16. Bb5 Ng4 17. Nf1 Ngf6 18. Rd3 Be4 19. Rd2 Qb7 20. Ng3 Bd5 21. Nd4 Bb4 22. Bc6 Bxd2 23. Bxb7 Bxc1 24. Bxd5 Rc8 25. Bc6 Bxb2 26. Qxb2 Nc5 27. f4 Rhd8 28. Bb5 Kf8 29. Qe2 Nd5 30. Bc4 Nc3 31. Qe1 N3e4 32. Nxe4 Nxe4 33. Qb1 Nd6 34. Qxh7 Nxc4 35. Kf2 Nd6 36. Qh8+ Ke7 37. Qxg7 Ne4+ 38. Kf3 Nf6 39. Qg3 Rg8 40. Qe1 Rc7 41. Qe2 Rgc8 42. Qb5 Kf8 43. Qe5 Nd5 44. Nb5 Rc1 45. f5 Rf1+ 46. Kg3 Ke7 47. e4 Rg8+ 48. Kh4 Rf4+ 49. Kh3 Rgg4 50. f6+ Kd7 51. Qd6+ Kc8 52. Qf8+ Kb7 53. Qxf7+ Kb8 54. Qe8+ Kb7 55. Qd7+ Kb8 56. g3 1-0

[Event "HUN-chT2 Charousek 0304"]
[Site "Hungary"]
[Date "2003.11.30"]
[Round "4"]
[White "Bednay, Dezso"]
[Black "Szakony, Laszlo"]
[Result "1-0"]
[WhiteElo "2196"]
[BlackElo "2231"]
[PlyCount "81"]
[EventDate "2003.09.28"]
[EventType "team"]
[EventRounds "11"]
[EventCountry "HUN"]
[SourceTitle "EXT 2005"]
[Source "ChessBase"]
[SourceDate "2004.11.15"]
[SourceVersion "1"]
[SourceVersionDate "2004.11.15"]
[SourceQuality "1"]

1. e4 Nc6 2. Nc3 g6 3. d4 Bg7 4. Be3 d6 5. f3 a6 6. Qd2 e5 7. d5 Nd4 8. 0-0-0 c5 9. dxc6 bxc6 10. Nce2 c5 11. c3 Be6 12. cxd4 cxd4 13. Kb1 dxe3 14. Qxe3 Qa5 15. Nc3 Rc8 16. Nge2 Rc6 17. Nc1 Bh6 18. Qa7 Bxc1 19. Rxc1 Ne7 20. Be2 Qb6 21. Qxb6 Rxb6 22. Rhd1 0-0 23. b3 Rfb8 24. Na4 Rb4 25. Nb2 a5 26. Bc4 a4 27. Bxe6 fxe6 28. Rxd6 axb3 29. a3 R4b6 30. Rxb6 Rxb6 31. Nc4 Ra6 32. Rc3 Rc6 33. Kb2 Rc5 34. Nd2 Ra5 35. Nxb3 Ra6 36. Nc5 Rc6 37. a4 Rb6+ 38. Rb3 Rc6 39. Rb5 Nc8 40. Nd3 Nd6 41. Nxe5 1-0

[Event "Zalakaros op 22nd"]
[Site "Zalakaros"]
[Date "2003.05.18"]
[Round "3"]
[White "Hajnal, Zoltan"]
[Black "Szakony, Laszlo"]
[Result "1-0"]
[WhiteElo "2385"]
[BlackElo "2237"]
[PlyCount "105"]
[EventDate "2003.05.16"]
[EventType "swiss"]
[EventRounds "9"]
[EventCountry "HUN"]
[SourceTitle "EXT 2004"]
[Source "ChessBase"]
[SourceDate "2003.11.25"]
[SourceVersion "1"]
[SourceVersionDate "2003.11.25"]
[SourceQuality "1"]

1. e4 Nc6 2. d4 d5 3. Nc3 e5 4. dxe5 d4 5. Nd5 Nge7 6. Bg5 Be6 7. Nf4 Qd7 8. Nf3 0-0-0 9. Bb5 a6 10. Ba4 h6 11. Bh4 g5 12. Nh5 Bc4 13. Bg3 Ng6 14. Nd2 Qe6 15. Bxc6 Qxc6 16. a3 Be7 17. Nxc4 Qxc4 18. Qd3 Qc5 19. b4 Qc6 20. 0-0 Rhg8 21. f4 gxf4 22. Bxf4 Nh4 23. Bg3 Rg4 24. Rxf7 Rxe4 25. Bxh4 Bxh4 26. Rf4 Rxf4 27. Nxf4 Bg5 28. Rf1 Kb8 29. g3 h5 30. h4 Bh6 31. Kh2 Bxf4 32. Rxf4 Qd5 33. Rf5 Re8 34. Qe2 c5 35. Qxh5 Rc8 36. e6 Qxe6 37. Rxc5 Re8 38. Qf3 Qe3 39. Rf5 Qd2+ 40. Kh3 Qxc2 41. Rf7 Qc8+ 42. Qf5 d3 43. Qxc8+ Kxc8 44. Rf2 Kc7 45. Rd2 Rd8 46. g4 Kc6 47. g5 Kb5 48. g6 Kc4 49. h5 Kd4 50. g7 Ke5 51. Rg2 Rg8 52. h6 Kf6 53. h7 1-0

[Event "HUN-chT2 Charousek 0203"]
[Site "Hungary"]
[Date "2003.01.19"]
[Round "5.6"]
[White "Koczka, Zsolt"]
[Black "Szakony, Laszlo"]
[Result "1/2-1/2"]
[WhiteElo "2228"]
[BlackElo "2237"]
[PlyCount "20"]
[EventDate "2002.09.22"]
[EventType "team"]
[EventRounds "11"]
[EventCountry "HUN"]
[SourceTitle "EXT 2004"]
[Source "ChessBase"]
[SourceDate "2003.11.25"]
[SourceVersion "1"]
[SourceVersionDate "2003.11.25"]
[SourceQuality "1"]
[WhiteTeam "Matador"]
[BlackTeam "Csuti Hydro II"]
[WhiteTeamCountry "HUN"]
[BlackTeamCountry "HUN"]

1. d4 Nc6 2. Nf3 d5 3. e3 Nf6 4. c4 e6 5. a3 Be7 6. Bd3 0-0 7. 0-0 b6 8. b3 Na5 9. Nbd2 c5 10. Bb2 Bb7 1/2-1/2

[Event "HUN-chT2 0102"]
[Site "Hungary"]
[Date "2001.11.18"]
[Round "3"]
[White "Szakony, Laszlo"]
[Black "Utto, Ferenc"]
[Result "1-0"]
[WhiteElo "2235"]
[BlackElo "2028"]
[PlyCount "51"]
[EventDate "2001.??.??"]
[EventType "team"]
[EventRounds "11"]
[EventCountry "HUN"]
[SourceTitle "EXT 2004"]
[Source "ChessBase"]
[SourceDate "2003.11.25"]
[SourceVersion "1"]
[SourceVersionDate "2003.11.25"]
[SourceQuality "1"]

1. b3 Nf6 2. Bb2 e6 3. g3 d5 4. Bg2 b6 5. e3 Bb7 6. Ne2 Nbd7 7. 0-0 Be7 8. c4 Qc8 9. cxd5 exd5 10. Nbc3 0-0 11. Rc1 Nc5 12. Nf4 Qd7 13. d4 Nce4 14. Nce2 Bd6 15. Rc2 Qe7 16. Nd3 Nd7 17. Nef4 f6 18. h4 Rfe8 19. Kh2 f5 20. Ne5 Ndf6 21. Bh3 Nd7 22. Bxf5 Nxe5 23. dxe5 Bc5 24. Be6+ Kf8 25. Qh5 g6 26. Nxg6+ 1-0

[Event "HUN-chT2 Charousek 0001"]
[Site "Hungary"]
[Date "2001.04.22"]
[Round "11"]
[White "Szakony, Laszlo"]
[Black "Sipos, Janos"]
[Result "1-0"]
[WhiteElo "2227"]
[BlackElo "2047"]
[PlyCount "55"]
[EventDate "2000.11.26"]
[EventType "team"]
[EventRounds "11"]
[EventCountry "HUN"]
[SourceTitle "EXT 2007"]
[Source "ChessBase"]
[SourceDate "2006.11.23"]
[SourceVersion "1"]
[SourceVersionDate "2006.11.23"]
[SourceQuality "1"]
[WhiteTeam "Csuti Hydro II"]
[BlackTeam "Nagykanizsa"]
[WhiteTeamCountry "HUN"]
[BlackTeamCountry "HUN"]

1. b3 d5 2. e3 e5 3. Bb2 Bd6 4. c4 c6 5. Nf3 Qe7 6. cxd5 cxd5 7. Nc3 Nf6 8. Nb5 Nc6 9. Nxd6+ Qxd6 10. Bb5 e4 11. Ne5 0-0 12. Bxc6 bxc6 13. 0-0 Re8 14. f4 exf3 15. Nxf3 Ba6 16. Re1 Bd3 17. Rc1 Ne4 18. Nd4 c5 19. Nf5 Qg6 20. Nxg7 Re7 21. Nh5 f6 22. Nf4 Qf5 23. Nxd3 Rg7 24. Nf4 Rc8 25. Rf1 Ng5 26. Nh5 Nh3+ 27. Kh1 Qf2 28. Qf3 1-0

[Event "HUN-chT2 Charousek 0001"]
[Site "Hungary"]
[Date "2001.03.04"]
[Round "8"]
[White "Szakony, Laszlo"]
[Black "Ladanyi, Tibor"]
[Result "0-1"]
[WhiteElo "2227"]
[BlackElo "2265"]
[PlyCount "84"]
[EventDate "2000.11.26"]
[EventType "team"]
[EventRounds "11"]
[EventCountry "HUN"]
[SourceTitle "EXT 2007"]
[Source "ChessBase"]
[SourceDate "2006.11.23"]
[SourceVersion "1"]
[SourceVersionDate "2006.11.23"]
[SourceQuality "1"]
[WhiteTeam "Csuti Hydro II"]
[BlackTeam "Budapest Spartacus"]
[WhiteTeamCountry "HUN"]
[BlackTeamCountry "HUN"]

1. b3 c5 2. c4 Nc6 3. Bb2 d6 4. g3 e5 5. Bg2 g6 6. e3 Bg7 7. Ne2 Nge7 8. 0-0 0-0 9. Nbc3 Rb8 10. Nd5 a6 11. d3 b5 12. Qd2 Bb7 13. f4 f5 14. e4 bxc4 15. Nxe7+ Qxe7 16. dxc4 Nd4 17. Nxd4 exd4 18. exf5 gxf5 19. Bxb7 Qxb7 20. Rae1 Rbe8 21. Qg2 Re4 22. g4 Rfe8 23. gxf5 Kf8 24. h3 Kf7 25. Kh2 Ke7 26. Rxe4+ Qxe4 27. Rf2 Qxg2+ 28. Kxg2 Kf6 29. Kf3 Kxf5 30. Bc1 Bh6 31. Bd2 Re4 32. Kg3 Re8 33. Kf3 Re6 34. a3 Re4 35. Kg3 Re8 36. Kf3 a5 37. Re2 Rb8 38. b4 axb4 39. axb4 cxb4 40. Re7 b3 41. Rf7+ Kg6 42. Rd7 b2 0-1

[Event "HUN-chT2 Charousek 0001"]
[Site "Hungary"]
[Date "2001.02.25"]
[Round "7"]
[White "Demeny, Antal"]
[Black "Szakony, Laszlo"]
[Result "1/2-1/2"]
[WhiteElo "2157"]
[BlackElo "2227"]
[PlyCount "27"]
[EventDate "2000.11.26"]
[EventType "team"]
[EventRounds "11"]
[EventCountry "HUN"]
[SourceTitle "EXT 2007"]
[Source "ChessBase"]
[SourceDate "2006.11.23"]
[SourceVersion "1"]
[SourceVersionDate "2006.11.23"]
[SourceQuality "1"]
[WhiteTeam "Keszthely"]
[BlackTeam "Csuti Hydro II"]
[WhiteTeamCountry "HUN"]
[BlackTeamCountry "HUN"]

1. d4 Nf6 2. c4 e6 3. Nf3 Bb4+ 4. Nbd2 0-0 5. Qc2 c5 6. a3 Bxd2+ 7. Bxd2 cxd4 8. Nxd4 d5 9. cxd5 Qxd5 10. e3 Bd7 11. Qc4 Qxc4 12. Bxc4 Nc6 13. Nxc6 Bxc6 14. f3 1/2-1/2